| 000 | 00598nam a2200217Ia 4500 | ||
|---|---|---|---|
| 005 | 20250923145816.0 | ||
| 008 | 008 250917s9999 xx 000 0 eng d | ||
| 037 | _aTextual | ||
| 040 |
_aDSWL _beng _cDSWL |
||
| 041 |
_aeng _2eng |
||
| 084 |
_aY:434:g, N80 _qDSWL |
||
| 100 |
_aPower, J. _9839157 |
||
| 245 | 0 |
_aWorld of hunger: Strategy for sarvival _cby J.Power. |
|
| 260 |
_aNew Delhi _bHeritage _c1980 |
||
| 300 | _a191p. | ||
| 365 |
_aINR _b50.00 |
||
| 700 |
_a A. Holenstein _9839158 |
||
| 925 | _g50.00 | ||
| 942 |
_cTEXL _hY:434:g, N80 |
||
| 999 |
_c1455960 _d1455960 |
||